The "Most-est" Capitals - Statistics

General Stats
  • This quiz has been taken 36 times
    20 since last reset
  • The average score is 7 of 20
Answer Stats
Mostest Capitals % Correct
Coldest Ulan Bator
89%
Most Northerly Reykjavik
74%
Most Southerly Wellington
74%
Highest Elevation De Facto {La Paz-}
68%
Nearest Equator Quito
53%
Situated nearest it's neighbor's Capital Rome
47%
Situated nearest it's neighbor's Capital Vatican City
47%
Most Polluted Beijing
32%
Highest Elevation Official {Quito}
32%
Lowest Elevation Baku
26%
Youngest Juba
26%
Remotest Wellington
26%
Situated furthest from it's neighbour's capital city Canberra
21%
Oldest Damascus
21%
Hottest Khartoum
21%
Driest Lima
21%
Situated furthest from it's neighbour's capital city Wellington
16%
Wettest Monrovia
5%
Windiest Wellington
5%
Foggiest Canberra
0%
No matching quizzes found
Score Distribution
Percent of People with Each Score
Percentile by Number Answered
Your Score History
You have not taken this quiz since the last reset